Guess the MLB Player by Career Paths - Statistics

General Stats
  • This quiz has been taken 107 times
  • The average score is 4 of 15
Answer Stats
Teams Player % Correct
Orioles, Dodgers, Padres Manny Machado
81%
Padres, Nationals, Dodgers, Phillies Trea Turner
58%
Nationals, Angels Anthony Rendon
56%
Diamondbacks, Braves, Cubs Dansby Swanson
39%
Red Sox, Royals, Yankees, White Sox Andrew Benintendi
38%
Mets, Rangers (again) Brandon Nimmo
30%
Padres, Nationals, Rangers MacKenzie Gore
30%
Mets, Rangers Jacob deGrom
29%
Rangers, Pirates, Braves, Royals, Blue Jays, Athletics, Blue Jays, Dodgers, Angels, Rangers, Cubs, Rangers, Braves, Cubs, Braves, Angels, Braves, Rangers, Braves Jesse Chavez
22%
Rangers, Royals Cole Ragans
14%
Braves, Athletics Shea Langeliers
13%
Mets, Mariners, Braves, White Sox Jarred Kelenic
12%
Mets, Blue Jays, Cardinals, Red Sox, Rays Steven Matz
12%
Reds, Dodgers, Nationals Josiah Gray
4%
Pirates, Braves, Dodgers, Giants, Dodgers, Rockies, Pirates, Padres, Reds, Mariners Connor Joe
1%
No matching quizzes found
Score Distribution
Percent of People with Each Score
Percentile by Number Answered
Your Score History
You have not taken this quiz